Mensaje del Presidente de la República de Costa Rica, Don Rodrigo Carazo Odio. Rendido ante la Asamblea Legislativa de Costa Rica el día 1 de mayo de 1979

Guardado en:
Bibliografiske detaljer
Hovedforfatter: Carazo Odio, Rodrigo
Format: Texto
Udgivet: San José: s.e.
Tags: Tilføj Tag
Ingen Tags, Vær først til at tagge denne postø!

MARC

LEADER 00000 a a2200000 04500
001 22443
003
040
090 |a 151900  
100 |a Carazo Odio, Rodrigo  
245 |a Mensaje del Presidente de la República de Costa Rica, Don Rodrigo Carazo Odio. Rendido ante la Asamblea Legislativa de Costa Rica el día 1 de mayo de 1979  
260 |a San José:   |b s.e.  
300 |a 5 p.  
999 |c 12796  |d 12796